Reality, základ stabilného portfólia

V dôsledku globálnej recersie a poklesu hodnoty investičných aktív sa znížil podiel realitných investícií v portfóliach investorov. Dnešný vývoj na trhu poskytuje dôvody na prehodnotenie tejto situácie. Rozdelenie aktív individuálnych High-Net-Worth investorov vo svete.

Guardado en:
Detalles Bibliográficos
Autor principal: Ďuriančik, Martin
Formato: Capítulo de libro
Lenguaje:eslovaco
Materias:
Etiquetas: Agregar Etiqueta
Sin Etiquetas, Sea el primero en etiquetar este registro!

MARC

LEADER 00000naa a2200000 4500
001 0118730
005 20230831115450.5
041 0 |a slo 
044 |a SK 
245 1 0 |a Reality, základ stabilného portfólia  |c Martin Ďuriančik 
520 |a V dôsledku globálnej recersie a poklesu hodnoty investičných aktív sa znížil podiel realitných investícií v portfóliach investorov. Dnešný vývoj na trhu poskytuje dôvody na prehodnotenie tejto situácie. Rozdelenie aktív individuálnych High-Net-Worth investorov vo svete. 
610 2 0 |a investície 
610 2 0 |a portfólio 
610 2 0 |a nehnuteľnosti 
610 2 0 |a investori 
610 2 0 |a trh finančný 
100 1 |a Ďuriančik, Martin